| Tag |
First Indicator |
Second Indicator |
Subfields |
| LEADER |
00000nam a2200000Ia 4500 |
| 001 |
in00004328513 |
| 005 |
20200812090318.0 |
| 006 |
m g d |
| 007 |
cr bn |||a|bb| |
| 008 |
010525s1677 enk o 000 0 eng d |
| 035 |
|
|
|a (OCoLC)47012660
|
| 040 |
|
|
|a EAE
|c EAE
|e dcrb
|
| 037 |
|
|
|a CL0037000115
|b ProQuest Information and Learning. 300 N. Zeeb Rd., Ann Arbor, MI 48106
|
| 090 |
|
|
|a QD25
|b .S7 1677
|
| 049 |
|
|
|a UMIA
|
| 100 |
1 |
|
|a Starkey, George,
|d 1627-1665.
|
| 245 |
1 |
3 |
|a An exposition upon Sir George Ripley's preface. /
|c Written by Æyrenæus Philalethes, anglus, cosmopolita.
|
| 246 |
3 |
6 |
|a Exposition upon the preface of Sr George Ripley, Canon of Bridlington
|
| 246 |
3 |
7 |
|a Exposition upon the preface of Sir G. Ripley
|
| 260 |
|
|
|a London :
|b Printed for William Cooper ...,
|c MDCLXXVII. [1677]
|
| 300 |
|
|
|a 1 online resource (94 pages)
|
| 336 |
|
|
|a text
|b txt
|2 rdacontent
|
| 337 |
|
|
|a computer
|b c
|2 rdamedia
|
| 338 |
|
|
|a online resource
|b cr
|2 rdacarrier
|
| 500 |
|
|
|a Attributed to George Starkey by Wing (2nd edition)
|
| 500 |
|
|
|a Reproduction of original in: Universität Göttingen Bibliothek.
|
| 510 |
4 |
|
|a Wing (2nd edition)
|c S5275
|
| 533 |
|
|
|a Electronic reproduction.
|b Ann Arbor, Mich. :
|c UMI,
|d 1999-
|f (Early English books online)
|n Digital version of: (Early English Books, 1641-1700 ; 2693:13)
|7 s1999 miun s
|
| 600 |
1 |
0 |
|a Ripley, George,
|d d. 1490?
|
| 650 |
|
0 |
|a Alchemy
|v Early works to 1800.
|
| 830 |
|
0 |
|a Early English books online.
|
| 856 |
4 |
0 |
|u http://proxy.library.tamu.edu/login?url=https://search.proquest.com/docview/2240897265
|z Connect to the full text of this electronic book
|t 0
|
| 999 |
f |
f |
|s acbf2fad-52f7-3206-b72d-6062f6d50eb6
|i a5815b37-b080-323a-9d58-e41937a4c01c
|t 0
|
| 952 |
f |
f |
|a Texas A&M University
|b College Station
|c Electronic Resources
|d Available Online
|t 0
|e QD25 .S7 1677
|h Library of Congress classification
|
| 998 |
f |
f |
|a QD25 .S7 1677
|t 0
|l Available Online
|